00441nam a22001697a 4500003000400000005001700004008004100021040000900062082001800071100001600089245004900105260004100154300001000195650003800205942000900243999001900252OSt20220518103835.0220518b |||||||| |||| 00| 0 eng d cSBCL a303.34bDUP-R aPaul Dupuis aThe Rule of 5 Leadership and the E5 Movement aMumbaibJaico Publishing Housec2020 a220p. 2Social sciencesaSocial processes cBOOK c134330d134330